000 00362 a2200169 4500
001 72578
020 _a
040 _cAnchieta - Colégio São Paulo
100 _aChiavenato, Júlio josé
240 1 0 _aCaleidoscópio
_lpor
245 1 0 _aCaleidoscópio
300 _a92
362 0 _a1986
440 1 _aAtual
650 4 _aLiteratura juvenil
942 _cBK
999 _c72578
_d72578